MDQL
is popping MORE tags! Check the
thread
!
Quizzes
Events
Quiz Creation
Community
Videos
Private Events
Remove Ads
Sign In
Join for FREE
Feedback
Dark Mode
Quiz Categories
Sports
Geography
Music
Movies
Television
Just For Fun
Miscellaneous
History
Literature
Language
Science
Gaming
Entertainment
Religion
Holiday
For Kids
Quiz Lab
Recent
Popular Today
Quiz Kudos Today
Editor Picks
Curator Picks
Quizzes by...
Day
Popularity
Type
Ratings
Length
Year
Community
Subscriptions
Recent Discussions
Orange Saloon
Badges
Playlists
Quests
Create
Leaderboards
Showdown
Live 5
Trivia Bingo
Activity
Puzzle Library
Sporcle Events
Private Events
Virtual Trivia
Globe League
Become a Host
Pub Owners
SporcleCon
Opinionation
Our Games
Videos
Blog
Mobile Apps
Partnerships
Remove Ads and Go Orange
Feedback
Gaming
Video Games
Board Games
Card Games
Pokémon
Mario
Nintendo
Minecraft
Console
Toys
Legend of Zelda
Gaming
Video Games
Board Games
Card Games
Pokémon
Mario
Nintendo
Minecraft
Console
Toys
Legend of Zelda
Random Quiz
Search Sporcle
×
Quiz Lab
Quiz Lab
Gaming
Video Games
Type in answers that appear in a list
Type in answers that appear in a list
Classic
Best Score? Go Orange.
Pokémon and items banned from OU Stats
Can you name the Pokémon and items banned from OU, according to Smogon's tier lists?
By
lhomme_run
8m
45 Questions
180 Plays
180 Plays
180 Plays
Comments
Comments
Give Quiz Kudos
Give Quiz Kudos
-
- Ratings
hide this ad
Replay
Link that replays current quiz
Next Quiz
Link to next quiz in quiz playlist
You Got
0%
They Got
Avg Score
72%
Avg Friend Score
Upgrade to see
Score Distribution
Jump to the score distribution portion of the page
Score
0/45
Timer
08:00
0
Plays Today
Gen first banned
Pokémon/Item
% Correct
I
Mew
98.9%
I
Mewtwo
98.3%
II
Ho-oh
97.2%
II
Lugia
96.7%
III
Groudon
95.6%
III
Kyogre
95%
III
Rayquaza
94.4%
IV
Dialga
92.2%
IV
Palkia
91.7%
II
Celebi
88.9%
IV
Giratina
88.9%
V
Zekrom
88.9%
V
Reshiram
88.9%
III
Deoxys
87.2%
III
Latios
86.1%
III
Latias
85.6%
IV
Arceus
85.6%
IV
Darkrai
85%
VI
Xerneas
82.8%
VI
Yveltal
81.7%
V
Genesect
76.1%
V
Landorus
75%
IV
Garchomp
72.8%
Gen first banned
Pokémon/Item
% Correct
IV
Salamence
66.7%
IV
Manaphy
66.7%
VI
Mega Kangaskhan
66.7%
V
Blaziken
66.1%
V
Thundurus
66.1%
V
White Kyurem
62.2%
VI
Mega Gengar
62.2%
VI
Mega Mawile
61.1%
III
Wobbuffet
60%
VI
Mega Salamence
60%
VI
Mega Lucario
57.2%
IV
Sky Shaymin
55.6%
VI
Aegislash
55.6%
VI
Mega Blaziken
55.6%
V
Soul Dew
52.2%
VI
Greninja
51.1%
VI
Mega Rayquaza
48.9%
III
Wynaut
47.2%
VI
Primal Groudon
41.7%
V
Excadrill
41.1%
VI
Primal Kyogre
40.6%
V
Therian Tornadus
31.1%
Quiz Playlist
Details
Report
Send in Message
Add To Playlist
Classic:
Type in answers that appear in a list
Quiz Source
Last Updated: Feb 16, 2017
Quiz Scoreboard
CHALLENGE
Sign Up to Join the Scoreboard
Show All
Scores
Hide
Comments
May contain spoilers
Recently Published
Image Sorting: Flags VI
by Barbecue
Geography
2m
Find the 'City' Movie
by crazypaving
Movies
60s
Colored Red Africa Blitz
by spor1
Geography
45s
More to Explore
Quiz From the Vault
Featured Blog Post
14 Easter Pick-up Lines to Find Eggs With
hide this ad
You Might Also Like...
Tags
Pokémon Quiz
Video Games Quiz
Today's Top Quizzes in Gaming
Browse Gaming
hide this ad
Today's Top Quizzes in Video Games
Browse Video Games
Top Contributed Quizzes in Gaming
1
League of Legends Pro Players by Career/Team History
2
Destiny 2 exotic weapons by perk icons
3
Genshin Impact Logic Puzzle
4
Genshin murder mystery
5
Dead By Daylight Logic Puzzle
6
4x4 Decades: Video Games
7
Ultimate Genshin Impact Logic Puzzle (up to 4.3)
8
Overwatch Logic Puzzle
9
Who's on the WWE 2K24 Cover?
10
Overwatch 2: Ultimate Ability Icons
Explore More
Trending Topics
Kpop
Crossword
Harry Potter
NBA
Disney
Anime
Marvel
Soccer
Puzzle
Pokémon
NFL
WWE
The Office
Country
Song
hide this ad
More By:
lhomme_run
Quiz
Plays
Rating
Category
Featured
Created
Nuclear Throne weapons
225
4.20
Gaming
Oct 14, 2015
Pokémon and items banned from OU
180
4.00
Gaming
Oct 13, 2015
Pokémon stat-raising moves
102
5.00
Gaming
Aug 13, 2014
Go to Creator's Profile
Score Distribution
Quiz Creator Spotlight
lhomme_run
Follow
Send a Message
Quizzes Created
-
Created Quiz Play Count
-
More By This Creator
Popular Quizzes Today
1
Colored Red Africa Blitz
2
Find the US States - No Outlines Minefield
3
Find the 'City' Movie
4
5x2 Blitz: Bands
5
The Countries of the World
6
Find the US States
7
Find the Countries of Europe - No Outlines Minefield
8
US States
More Gaming Quizzes
Video Game Title By Literal Definition
Editor's Pick
Trending Quizzes
Colored Red Europe Blitz I
Colored Red Europe Blitz II
Colored Red Africa Blitz II
Colored Red Europe Blitz III
Colored Red Africa Blitz III
Recently Updated
How Do You Spell That?
pecheneg
Godzilla Movies
pecheneg
Grab Bag: 4-10 Letters
pecheneg
2024 March Madness Bracket
pecheneg
Famous TV Couples
Peacemaker
Champions League XIs: Real Madrid
pecheneg
Largest US Cities 1790-2010
pecheneg
Rides in Walt Disney World
pecheneg
Most Oscar Losses (Acting)
pecheneg
Beyoncé Albums
pecheneg
Trending Topics
Anime
NBA
Kpop
Harry Potter
Crossword
Marvel
Disney
NFL
Soccer
WWE
Song
Country
Puzzle
Pokémon
The Office
Your Account Isn't Verified!
In order to create a playlist on Sporcle, you need to verify the email address you used during registration. Go to your
Sporcle Settings
to finish the process.
Report this User
Report this user for behavior that violates our
Community Guidelines
.
Details:
Send Report
Go to the Sporcle.com Mobile Site →
Comments